| 000 | 00414 a2200109 4500 | ||
|---|---|---|---|
| 001 | ART_28227 | ||
| 005 | 20260410161818.0 | ||
| 008 | 260409a | ||
| 245 | 1 | 0 | _aLos derechos de propiedad intelectual en el Acuerdo de Asociación Transpacífica |
| 100 | 1 | _aBecerra Ramírez, Manuel | |
| 773 | 0 |
_tRevista Juridica de Buenos Aires _gTendencias actuales en propiedad intelectual (ene. 2013) _wREV4315 |
|
| 999 |
_c22045 _d22045 |
||